[Event "DSIM-Finale"]
[Site "T#645894Emanuel Laske"]
[Date "2020.05.09"]
[Round "1"]
[White "Georg Meier"]
[Black "Matthias Blübaum"]
[Result "1/2-1/2"]
[WhiteElo "2555"]
[BlackElo "1620"]
[Annotator "TA"]
[PlyCount "96"]
[EventDate "2020.05.09"]
[EventType "tourn (blitz)"]

{[%evp 12,96,26,19,22,11,18,8,31,23,34,32,34,31,34,26,38,41,32,35,61,59,62,47,43,40,28,6,10,-15,0,14,9,-8,-4,-14,0,0,0,0,0,-60,27,51,48,-36,341,337,334,318,318,276,246,75,77,85,567,0,0,0,0,0,0,-30,-45,-537,-520,-814,639,614,572,133,561,-254,-259,-188,0,0,0,0,0,0,0,0,0,0,0]} 1. Nf3 Nf6 2. g3 b6 3. Bg2 Bb7 4. c4 g6 5. O-O Bg7 6. d4 O-O 7. d5 Ne4 {A50: Queen's Fianchetto Defence (1 d4 Nf6 2 c4 b6).} 8. Qc2 f5 9. Rd1 c6 10. Nc3 Nxc3 11. bxc3 cxd5 12. cxd5 Na6 {[#]} 13. Nd4 $146 ({Predecessor:} 13. Bg5 Qe8 14. d6 exd6 15. Rxd6 Rc8 16. Qd1 Nc5 17. Rc1 Rc7 18. Bf4 Rc8 19. Ng5 Bxg2 20. Kxg2 {0-1 (54) Salomon,J (2476)-Donchenko,A (2567) Tarvisio 2017}) 13... Nc5 14. Ba3 Qc8 15. Rab1 Re8 16. c4 e5 17. Nb5 Bf8 18. h4 d6 19. Qd2 Ba6 20. Qe3 Qd7 21. Bxc5 bxc5 22. Rb3 Rab8 23. Rdb1 Rb6 24. h5 Reb8 {[%cal Ra6b5]} 25. hxg6 hxg6 {[%cal Ra6b5]} 26. a4 (26. Qg5 $11) 26... Bg7 (26... Bc8 $15) 27. Qg5 $36 {[%mdl 2048] Black must now prevent a5. White has the initiative.} Kf7 28. e4 ({White should play} 28. a5 $1 $14 R6b7 29. e4 Bxb5 30. exf5 Bxc4 31. Rxb7 Rxb7 32. Rxb7 Qxb7 33. Qxg6+ {[%mdl 64] Double Attack} Kg8 34. f6 {[%mdl 64] Pin}) 28... Bc8 $2 {[%mdl 8192]} (28... Bf6 $1 $15 {stays ahead.} 29. Qe3 Rh8) 29. a5 $18 ({Don't play} 29. exf5 gxf5 30. a5 R6b7 $18) 29... R6b7 30. exf5 gxf5 {intending ...a6.} 31. a6 Rb6 32. Qh5+ $2 (32. Bh3 $1 $18 {and the rest is easy.}) 32... Kf8 $16 33. Bh3 Rxa6 $2 {[%mdl 8192]} (33... e4 $16) 34. Nxa7 $2 ({White should try} 34. Rf3 $18 {[%cal Rh3f5]} Qe7 35. Bxf5 Bxf5 36. Qh7) 34... Rxb3 $11 35. Rxb3 Rxa7 36. Rb8 {Hoping for Bxf5.} Ke7 37. Qh7 (37. Qg6 $5 {[%cal Rg6g7]} Ra1+ 38. Kg2 $11) 37... Kf6 {aiming for ...Rb7.} 38. Qh4+ $2 {[%mdl 8192]} ({Only move:} 38. Qg8 $1 $15) 38... Kg6 $19 {...Bf6 is the strong threat.} 39. g4 (39. Bf1 $142 Bf6 40. Qh3) 39... Rb7 $4 {[%mdl 8192]} (39... fxg4 $19 40. Bg2 Qf5 41. Rxc8 Ra1+ {[%mdl 64] Zwischenzug} 42. Kh2 Qxc8 43. Be4+ Kf7 44. Qh5+ Ke7 45. Qh4+ Kf7 46. Qh5+ Ke7 47. Qh4+ Kf8) 40. gxf5+ $18 Kf7 41. Qh5+ $2 (41. f6 $1 $18 {is the precise move to win. Strongly threatening Be6+.} Rxb8 42. Bxd7 Bxd7 43. fxg7) 41... Kf8 $2 {[%mdl 8192] [#]} (41... Kg8 $16 {is more resistant.} 42. f6 Qxh3 43. Qxh3 Rxb8) 42. Rxb7 $4 {[%mdl 8192]} (42. f6 $1 $18 {[%mdl 512]} Rxb8 (42... Bxf6 43. Bxd7) 43. Bxd7 Bxd7 44. fxg7+ Kxg7 {[#]} 45. f4 $1 {[%mdl 512]}) 42... Qxb7 $19 43. Qg6 Qe7 $2 {[#]} ({Better is} 43... Qc7 $19 {Threatens to win with ...e4.} 44. Kh2 Qf7 45. Qxd6+ Kg8 46. Qxc5 Bxf5 47. Bxf5 Qxf5) 44. f6 $1 $11 {[%cal Rf6e7][%mdl 512] The position is equal.} Qxf6 45. Qxf6+ Bxf6 46. Bxc8 Bg5 47. Bf5 Bf4 48. Kf1 Ke7 {Accuracy: White = 54%, Black = 61%.} 1/2-1/2

[Event "DSIM-Finale"]
[Site "T#645894Emanuel Laske"]
[Date "2020.05.09"]
[Round "1"]
[White "Vincent Keymer"]
[Black "Christian Braun"]
[Result "1-0"]
[WhiteElo "2243"]
[BlackElo "2637"]
[Annotator "TA"]
[PlyCount "33"]
[EventDate "2020.05.09"]
[EventType "tourn (blitz)"]

{[%evp 21,33,56,44,15,8,0,10,-30,-29,-45,-37,-59,995,971]} 1. Nf3 Nf6 2. c4 g6 3. g3 c5 4. Bg2 Nc6 5. O-O Bg7 6. d4 cxd4 7. Nxd4 O-O 8. Nc3 d6 9. Nxc6 bxc6 10. Bxc6 Rb8 11. Bg2 Qa5 12. Qd3 {E65: King's Indian: Fianchetto: 6...c5 7 0-0 without d5 by White.} Bf5 13. e4 Be6 14. Rb1 Nd7 {[#] Hoping for ...Bxc3.} 15. Bd2 Ne5 {[#]} 16. Nd5 $146 ({Predecessor:} 16. Qc2 Nxc4 17. Be1 Rfc8 18. Nd5 Qd8 19. Bc3 Bxd5 20. exd5 Na3 21. bxa3 Rxc3 22. Qa4 {0-1 (35) Pavlov,S (2454)-Melkumyan,H (2654) Minsk 2015}) 16... Nxc4 $2 {[%mdl 8192]} (16... Qxa2 $15 17. Nxe7+ Kh8 18. Qxd6 Nxc4) 17. Bxa5 1-0

[Event "DSIM-Finale"]
[Site "T#645894Emanuel Laske"]
[Date "2020.05.09"]
[Round "1"]
[White "Alex Donchenko"]
[Black "Rasmus Svane"]
[Result "0-1"]
[WhiteElo "1697"]
[BlackElo "1620"]
[Annotator "NA RC"]
[PlyCount "72"]
[EventDate "2020.05.09"]
[EventType "tourn (blitz)"]

1. c4 {[%emt 0:00:01]} b6 {[%emt 0:00:23]} 2. d4 {[%emt 0:00:03]} e6 {[%emt 0:00:02]} 3. e4 {[%emt 0:00:02]} Bb4+ {[%emt 0:00:01]} 4. Nc3 {[%emt 0:00:03]} Bb7 {[%emt 0:00:05]} 5. f3 {[%emt 0:00:03]} Qh4+ {[%emt 0:00:04]} 6. g3 {[%emt 0:00:02]} Bxc3+ {[%emt 0:00:01]} 7. bxc3 {[%emt 0:00:01]} Qe7 {[%emt 0:00:00]} 8. Nh3 {[%emt 0:00:23]} d6 {[%emt 0:00:02]} 9. Bg5 {[%emt 0:00:05]} f6 {[%emt 0:00:18]} 10. Be3 {[%emt 0:00:01]} f5 {[%emt 0:00:08]} 11. Bd3 {[%emt 0:00:23]} fxe4 {[%emt 0:00:01]} 12. fxe4 {[%emt 0:00:08]} Nf6 {[%emt 0:00:02]} 13. Qc2 {[%emt 0:00:07]} e5 {[%emt 0:00:23]} 14. O-O {[%emt 0:00:18]} O-O {[%emt 0:00:02]} 15. d5 {[%emt 0:00:48]} Bc8 {[%emt 0:00:03]} 16. Ng5 {[%emt 0:00:03]} Na6 {[%emt 0:00:07]} 17. Qg2 {[%emt 0:00:19]} Bd7 {[%emt 0:00:06]} 18. h3 {[%emt 0:00:06]} Nc5 {[%emt 0:00:07]} 19. Bxc5 {[%emt 0:00:15]} bxc5 {[%emt 0:00:00]} 20. Nf3 {[%emt 0:00:05]} Rab8 {[%emt 0:00:02]} 21. g4 {[%emt 0:00:04]} h6 {[%emt 0:00:17]} 22. Rab1 {[%emt 0:00:04]} Rxb1 {[%emt 0:00:06]} 23. Rxb1 {[%emt 0:00:01]} Nh7 {[%emt 0:00:01]} 24. h4 {[%emt 0:00:08]} Nf6 {[%emt 0:00:03]} 25. Nh2 {[%emt 0:00:02]} Nh7 {[%emt 0:00:12]} 26. Nf3 {[%emt 0:00:01]} Rf4 {[%emt 0:00:01]} 27. Nh2 {[%emt 0:00:08]} Qxh4 {[%emt 0:00:01]} 28. Rb8+ {[%emt 0:00:02]} Nf8 {[%emt 0:00:01]} 29. Bf1 {[%emt 0:00:05]} Bxg4 {[%emt 0:00:04]} 30. Ra8 {[%emt 0:00:03]} Qh5 {[%emt 0:00:21]} 31. Rxa7 {[%emt 0:00:01]} Bf3 {[%emt 0:00:01]} 32. Qg3 {[%emt 0:00:01]} Rf7 {[%emt 0:00:04]} 33. Ra8 {[%emt 0:00:02]} Kh7 {[%emt 0:00:02]} 34. Rb8 {[%emt 0:00:02]} Bxe4 {[%emt 0:00:04]} 35. Qh3 {[%emt 0:00:04]} Qg5+ {[%emt 0:00:02]} 36. Qg4 {[%emt 0:00:01]} Qe3# {[%emt 0:00:02] (Lag: Av=0.26s, max=0.7s)} 0-1

[Event "DSIM-Finale"]
[Site "T#645894Emanuel Laske"]
[Date "2020.05.09"]
[Round "1"]
[White "Ilja Schneider"]
[Black "Daniel Hausrath"]
[Result "1/2-1/2"]
[WhiteElo "1620"]
[BlackElo "1620"]
[Annotator "NA RC"]
[PlyCount "175"]
[EventDate "2020.05.09"]
[EventType "tourn (blitz)"]

1. d4 {[%emt 0:00:03]} g6 {[%emt 0:00:02]} 2. e4 {[%emt 0:00:01]} Bg7 {[%emt 0:00:01]} 3. Nc3 {[%emt 0:00:01]} d6 {[%emt 0:00:01]} 4. Nf3 {[%emt 0:00:01]} a6 {[%emt 0:00:00]} 5. Bg5 {[%emt 0:00:02]} b5 {[%emt 0:00:03]} 6. a4 {[%emt 0:00:02]} b4 {[%emt 0:00:04]} 7. Nd5 {[%emt 0:00:01]} h6 {[%emt 0:00:05]} 8. Bh4 {[%emt 0:00:01]} Bb7 {[%emt 0:00:15]} 9. Bc4 {[%emt 0:00:11]} g5 {[%emt 0:00:07]} 10. Bg3 {[%emt 0:00:01]} e6 {[%emt 0:00:01]} 11. Nxb4 {[%emt 0:00:01]} Bxe4 {[%emt 0:00:03]} 12. Qe2 {[%emt 0:00:22]} Nf6 {[%emt 0:00:10]} 13. Nxa6 {[%emt 0:00:22]} Nxa6 {[%emt 0:00:04]} 14. Bxa6 {[%emt 0:00:02]} Qb8 {[%emt 0:00:42]} 15. Bb5+ {[%emt 0:00:10]} c6 {[%emt 0:00:10]} 16. Bd3 {[%emt 0:00:01]} Qxb2 {[%emt 0:00:29]} 17. O-O {[%emt 0:00:13]} Bxd3 {[%emt 0:00:02]} 18. Qxd3 {[%emt 0:00:01]} Qb8 {[%emt 0:00:02]} 19. Nd2 {[%emt 0:00:11]} O-O {[%emt 0:00:15]} 20. Nc4 {[%emt 0:00:04]} Rd8 {[%emt 0:00:02]} 21. Qa3 {[%emt 0:00:17]} Ne4 {[%emt 0:00:05]} 22. c3 {[%emt 0:00:30]} Nxg3 {[%emt 0:00:06]} 23. hxg3 {[%emt 0:00:00]} d5 {[%emt 0:00:02]} 24. Ne3 {[%emt 0:00:03]} Bf8 {[%emt 0:00:07]} 25. Qa2 {[%emt 0:00:02]} c5 {[%emt 0:00:04]} 26. a5 {[%emt 0:00:09]} cxd4 {[%emt 0:00:02]} 27. cxd4 {[%emt 0:00:01]} Qb4 {[%emt 0:00:03]} 28. Rfd1 {[%emt 0:00:05]} Ra6 {[%emt 0:00:02]} 29. Qb1 {[%emt 0:00:24]} Rda8 {[%emt 0:00:06]} 30. Qxb4 {[%emt 0:00:07]} Bxb4 {[%emt 0:00:02]} 31. Ra4 {[%emt 0:00:02]} Bc3 {[%emt 0:00:05]} 32. Rd3 {[%emt 0:00:10]} Rxa5 {[%emt 0:00:04]} 33. Rxa5 {[%emt 0:00:02]} Bxa5 {[%emt 0:00:01]} 34. Ra3 {[%emt 0:00:01]} Ra7 {[%emt 0:00:01]} 35. Ng4 {[%emt 0:00:01]} Kg7 {[%emt 0:00:04]} 36. Ne5 {[%emt 0:00:01]} Bb6 {[%emt 0:00:01]} 37. Rxa7 {[%emt 0:00:10]} Bxa7 {[%emt 0:00:01]} 38. Nc6 {[%emt 0:00:00]} Bb6 {[%emt 0:00:01]} 39. Kf1 {[%emt 0:00:01]} f6 {[%emt 0:00:02]} 40. Ke2 {[%emt 0:00:01]} Kf7 {[%emt 0:00:01]} 41. Kd3 {[%emt 0:00:02]} Ke8 {[%emt 0:00:02]} 42. Nb4 {[%emt 0:00:01]} Kd7 {[%emt 0:00:02]} 43. Nc2 {[%emt 0:00:06]} h5 {[%emt 0:00:02]} 44. Ne3 {[%emt 0:00:04]} Kd6 {[%emt 0:00:02]} 45. g4 {[%emt 0:00:04]} h4 {[%emt 0:00:02]} 46. f3 {[%emt 0:00:02]} Ba5 {[%emt 0:00:01]} 47. Nc2 {[%emt 0:00:01]} Kc6 {[%emt 0:00:07]} 48. Ne3 {[%emt 0:00:01]} Bc7 {[%emt 0:00:02]} 49. Nc2 {[%emt 0:00:01]} Bf4 {[%emt 0:00:01]} 50. Nb4+ {[%emt 0:00:01]} Kb5 {[%emt 0:00:01]} 51. Na2 {[%emt 0:00:01]} Ka4 {[%emt 0:00:05]} 52. Nc3+ {[%emt 0:00:01]} Kb3 {[%emt 0:00:01]} 53. Nb5 {[%emt 0:00:01]} Kb2 {[%emt 0:00:05]} 54. Na7 {[%emt 0:00:02]} Kc1 {[%emt 0:00:04]} 55. Ke2 {[%emt 0:00:01]} Kc2 {[%emt 0:00:02]} 56. Nc6 {[%emt 0:00:01]} Bc7 {[%emt 0:00:07]} 57. Ne7 {[%emt 0:00:05]} Kc3 {[%emt 0:00:04]} 58. Ng8 {[%emt 0:00:02]} Bd8 {[%emt 0:00:06]} 59. Ke3 {[%emt 0:00:01]} Kc4 {[%emt 0:00:02]} 60. Nh6 {[%emt 0:00:07]} Bb6 {[%emt 0:00:01]} 61. Nf7 {[%emt 0:00:02]} Bxd4+ {[%emt 0:00:01]} 62. Kd2 {[%emt 0:00:01]} Be5 {[%emt 0:00:02]} 63. Nd8 {[%emt 0:00:01]} d4 {[%emt 0:00:02]} 64. Nxe6 {[%emt 0:00:01]} Bf4+ {[%emt 0:00:03]} 65. Kc2 {[%emt 0:00:03]} d3+ {[%emt 0:00:01]} 66. Kd1 {[%emt 0:00:01]} Be5 {[%emt 0:00:05]} 67. Kd2 {[%emt 0:00:03]} Bd6 {[%emt 0:00:06]} 68. Ng7 {[%emt 0:00:08]} Bb4+ {[%emt 0:00:04]} 69. Kd1 {[%emt 0:00:01]} d2 {[%emt 0:00:03]} 70. Ne8 {[%emt 0:00:07]} Bc3 {[%emt 0:00:03]} 71. Nd6+ {[%emt 0:00:04]} Kd3 {[%emt 0:00:01]} 72. Ne4 {[%emt 0:00:01]} Be5 {[%emt 0:00:03]} 73. Nxd2 {[%emt 0:00:01]} Ke3 {[%emt 0:00:01]} 74. Ne4 {[%emt 0:00:01]} h3 {[%emt 0:00:01]} 75. gxh3 {[%emt 0:00:01]} Kxf3 {[%emt 0:00:01]} 76. Nc5 {[%emt 0:00:03]} Kg3 {[%emt 0:00:02]} 77. Ke2 {[%emt 0:00:02]} Kxh3 {[%emt 0:00:05]} 78. Kf3 {[%emt 0:00:01]} f5 {[%emt 0:00:06]} 79. gxf5 {[%emt 0:00:00]} g4+ {[%emt 0:00:01]} 80. Ke4 {[%emt 0:00:05]} g3 {[%emt 0:00:04]} 81. Kxe5 {[%emt 0:00:01]} g2 {[%emt 0:00:01]} 82. f6 {[%emt 0:00:01]} g1=Q {[%emt 0:00:01]} 83. Ne6 {[%emt 0:00:07]} Kg4 {[%emt 0:00:04]} 84. f7 {[%emt 0:00:02]} Qa1+ {[%emt 0:00:01]} 85. Kd6 {[%emt 0:00:01]} Qa3+ {[%emt 0:00:03]} 86. Kd7 {[%emt 0:00:01]} Kf5 {[%emt 0:00:04]} 87. f8=Q+ {[%emt 0:00:01]} Qxf8 {[%emt 0:00:01]} 88. Nxf8 {[%emt 0:00:00] (Lag: Av=0.74s, max=1.9s)} 1/2-1/2

[Event "DSIM-Finale"]
[Site "T#645894Emanuel Laske"]
[Date "2020.05.09"]
[Round "1"]
[White "Jonas Eilenberg"]
[Black "Roven Vogel"]
[Result "0-1"]
[WhiteElo "1620"]
[BlackElo "2465"]
[Annotator "TA"]
[PlyCount "66"]
[EventDate "2020.05.09"]
[EventType "tourn (blitz)"]

{[%evp 20,66,41,20,63,28,33,-43,-31,-25,-15,-46,-43,-58,-54,-77,-58,-57,-50,-67,-54,-73,-56,-104,-104,-112,-107,-150,-127,-127,-127,-260,-245,-403,-409,-592,-585,-618,-605,-967,-924,-908,-858,-1161,-989,-29982,-29983,-29987,-29987]} 1. d4 Nf6 2. Nf3 c5 3. d5 g6 4. c4 Bg7 5. Nc3 O-O 6. e4 d6 7. Bd3 Bg4 8. h3 Bxf3 9. Qxf3 e6 10. O-O exd5 11. cxd5 Nfd7 {A70: Modern Benoni: 6 e4 g6 7 Nf3.} 12. Bf4 (12. Qg3 {with more complications.} Be5 13. f4 Bd4+ 14. Be3 Nf6 15. Qf2) 12... Ne5 {[#]} 13. Bxe5 $146 (13. Qg3 $14) ({Predecessor:} 13. Qe3 Nbd7 14. Be2 Nb6 15. Bh6 Nec4 16. Bxc4 Nxc4 17. Qc1 Ne5 18. Bxg7 Kxg7 19. f4 {1-0 (27) Porte,H-Vos,J Hengelo 2003}) 13... Bxe5 $15 {Black is slightly better.} 14. a4 Nd7 15. Bb5 a6 16. Bxd7 Qxd7 17. a5 Rab8 18. Qd3 f5 19. exf5 Qxf5 20. Qxf5 Rxf5 21. Rad1 Rf4 22. g3 Rb4 23. Rd2 b6 24. axb6 R8xb6 25. Rfd1 (25. Re1 $17) 25... Rxb2 $19 26. Ne4 $2 {[#]} (26. Rxb2 Rxb2 27. Ne4) 26... a5 {[%cal Ba6a5,Ba5a4,Ba4a3,Ba3a2][%mdl 32]} 27. Rxb2 (27. Rd3 {was worth a try.} a4 28. Ra3) 27... Bxb2 {[%mdl 4096] Endgame KRB-KRN} (27... Rxb2 $2 28. f4 $19) 28. Rb1 {Now Nxd6 and White clings on.} a4 29. Nxd6 a3 ({Weaker is} 29... Rxd6 30. Rxb2 Rxd5 31. Kf1 $17) 30. Nc4 a2 31. Re1 Rb4 32. Nxb2 Rxb2 33. d6 {[#]} Rb1 $1 {[%mdl 512] White did not feel at home in the position after the opening. Accuracy: White = 30%, Black = 92%.} 0-1

[Event "DSIM-Finale"]
[Site "T#645894Emanuel Laske"]
[Date "2020.05.09"]
[Round "1"]
[White "Luis Engel"]
[Black "Nikolas Lubbe"]
[Result "0-1"]
[WhiteElo "1620"]
[BlackElo "1620"]
[Annotator "NA RC"]
[PlyCount "120"]
[EventDate "2020.05.09"]
[EventType "tourn (blitz)"]

1. e4 {[%emt 0:00:01]} c5 {[%emt 0:00:01]} 2. Nf3 {[%emt 0:00:01]} Nc6 {[%emt 0:00:00]} 3. d4 {[%emt 0:00:01]} cxd4 {[%emt 0:00:00]} 4. Nxd4 {[%emt 0:00:00]} Nf6 {[%emt 0:00:00]} 5. Nc3 {[%emt 0:00:01]} d6 {[%emt 0:00:00]} 6. Bg5 {[%emt 0:00:01]} Qb6 {[%emt 0:00:01]} 7. Nb3 {[%emt 0:00:02]} e6 {[%emt 0:00:01]} 8. Bxf6 {[%emt 0:00:02]} gxf6 {[%emt 0:00:01]} 9. Qh5 {[%emt 0:00:01]} a6 {[%emt 0:00:10]} 10. Be2 {[%emt 0:00:04]} Bd7 {[%emt 0:00:02]} 11. O-O {[%emt 0:00:04]} Be7 {[%emt 0:00:06]} 12. a4 {[%emt 0:00:05]} Ne5 {[%emt 0:00:08]} 13. a5 {[%emt 0:00:05]} Qc7 {[%emt 0:00:01]} 14. Kh1 {[%emt 0:00:25]} Nc4 {[%emt 0:00:04]} 15. Bxc4 {[%emt 0:00:09]} Qxc4 {[%emt 0:00:00]} 16. f4 {[%emt 0:00:08]} Rf8 {[%emt 0:00:16]} 17. Rfe1 {[%emt 0:00:10]} O-O-O {[%emt 0:00:02]} 18. Qe2 {[%emt 0:00:08]} Qxe2 {[%emt 0:00:02]} 19. Rxe2 {[%emt 0:00:01]} Rg8 {[%emt 0:00:01]} 20. f5 {[%emt 0:00:09]} Kb8 {[%emt 0:00:02]} 21. Nd4 {[%emt 0:00:05]} Rc8 {[%emt 0:00:05]} 22. fxe6 {[%emt 0:00:09]} fxe6 {[%emt 0:00:00]} 23. Rd1 {[%emt 0:00:01]} Rc5 {[%emt 0:00:08]} 24. Nb3 {[%emt 0:00:02]} Re5 {[%emt 0:00:03]} 25. h3 {[%emt 0:00:11]} Bc6 {[%emt 0:00:03]} 26. Rde1 {[%emt 0:00:04]} h5 {[%emt 0:00:19]} 27. Nb1 {[%emt 0:00:03]} f5 {[%emt 0:00:10]} 28. N1d2 {[%emt 0:00:12]} Bh4 {[%emt 0:00:13]} 29. Nf3 {[%emt 0:00:08]} Bxe1 {[%emt 0:00:10]} 30. Nxe5 {[%emt 0:00:01]} dxe5 {[%emt 0:00:00]} 31. Rxe1 {[%emt 0:00:01]} Bxe4 {[%emt 0:00:00]} 32. Re2 {[%emt 0:00:03]} Bd5 {[%emt 0:00:02]} 33. Nd2 {[%emt 0:00:07]} h4 {[%emt 0:00:08]} 34. c4 {[%emt 0:00:06]} Bc6 {[%emt 0:00:01]} 35. b4 {[%emt 0:00:03]} Rg3 {[%emt 0:00:05]} 36. Kh2 {[%emt 0:00:02]} Kc7 {[%emt 0:00:02]} 37. Nf3 {[%emt 0:00:18]} Bxf3 {[%emt 0:00:02]} 38. gxf3 {[%emt 0:00:00]} Rxf3 {[%emt 0:00:02]} 39. Rxe5 {[%emt 0:00:01]} Kd6 {[%emt 0:00:01]} 40. Re2 {[%emt 0:00:03]} e5 {[%emt 0:00:01]} 41. Rd2+ {[%emt 0:00:02]} Ke6 {[%emt 0:00:03]} 42. b5 {[%emt 0:00:07]} Rc3 {[%emt 0:00:08]} 43. bxa6 {[%emt 0:00:02]} bxa6 {[%emt 0:00:01]} 44. Rb2 {[%emt 0:00:01]} Rxc4 {[%emt 0:00:02]} 45. Rb6+ {[%emt 0:00:01]} Kd5 {[%emt 0:00:01]} 46. Rxa6 {[%emt 0:00:00]} Ra4 {[%emt 0:00:03]} 47. Ra8 {[%emt 0:00:04]} Ke4 {[%emt 0:00:02]} 48. a6 {[%emt 0:00:02]} Ra2+ {[%emt 0:00:01]} 49. Kg1 {[%emt 0:00:01]} Kf3 {[%emt 0:00:01]} 50. a7 {[%emt 0:00:01]} Ra1+ {[%emt 0:00:11]} 51. Kh2 {[%emt 0:00:01]} Kf4 {[%emt 0:00:00]} 52. Kg2 {[%emt 0:00:02]} e4 {[%emt 0:00:01]} 53. Kf2 {[%emt 0:00:03]} Ra2+ {[%emt 0:00:01]} 54. Ke1 {[%emt 0:00:02]} Ke3 {[%emt 0:00:02]} 55. Kf1 {[%emt 0:00:03]} f4 {[%emt 0:00:01]} 56. Rb8 {[%emt 0:00:02]} Ra1+ {[%emt 0:00:05]} 57. Kg2 {[%emt 0:00:02]} f3+ {[%emt 0:00:01]} 58. Kh2 {[%emt 0:00:01]} Ra2+ {[%emt 0:00:01]} 59. Kg1 {[%emt 0:00:03]} Rxa7 {[%emt 0:00:02]} 60. Rb3+ {[%emt 0:00:01]} Kf4 {[%emt 0:00:01] Luis Engel gibt auf (Lag: Av=0.31s, max=0.8s)} 0-1

[Event "DSIM-Finale"]
[Site "T#645894Emanuel Laske"]
[Date "2020.05.09"]
[Round "2"]
[White "Christian Braun"]
[Black "Georg Meier"]
[Result "0-1"]
[WhiteElo "2637"]
[BlackElo "2555"]
[Annotator "TA"]
[PlyCount "90"]
[EventDate "2020.05.09"]
[EventType "tourn (blitz)"]

{[%evp 13,90,-10,-7,-9,-7,-7,-4,-3,-10,-5,0,0,-7,-17,-20,-47,0,-14,-14,-10,0,-2,16,-29,-5,-4,21,15,76,0,0,-30,-10,-18,-9,-62,0,-30,-27,-124,-27,-21,34,30,28,11,69,47,26,44,45,15,6,0,105,106,96,91,104,7,27,0,100,54,258,254,192,192,250,250,242,199,5685,5402,29983,-29989,-29990,-29990,-29990]} 1. e4 e6 2. d3 d5 3. Nd2 Nf6 4. Ngf3 b6 5. e5 Nfd7 6. d4 c5 7. c3 Be7 8. Bd3 {C00: French: Unusual White 2nd moves.} Ba6 9. Bxa6 Nxa6 10. Qe2 {The position is equal.} Qc8 11. O-O O-O 12. Re1 Qb7 {[#]} 13. a3 $146 ({Predecessor:} 13. Nf1 b5 14. Bg5 Rfe8 15. Bxe7 Rxe7 16. a3 Nc7 17. dxc5 Nxc5 18. Nd4 a5 19. Nd2 Ree8 20. N2b3 Nxb3 {½-½ (20) Meul,W (1880)-Maes,V (2165) Bad Woerishofen 2014}) 13... Rfc8 14. b4 cxd4 15. cxd4 Nc7 16. Qd3 Qa6 17. Qb3 b5 18. Nf1 Qa4 19. Qd3 a5 20. Bg5 Bf8 (20... Bd8 $11) 21. bxa5 (21. Bd2 $16) 21... Qc4 $11 22. Qe3 h6 23. Rec1 Qa4 24. Bf4 (24. Qd3 $1 $11) 24... Ne8 (24... Rxa5 $15 25. N3d2 Bxa3) 25. h4 Qxa5 26. g4 (26. Rcb1 $11) 26... Be7 (26... Rxc1 $1 $17 27. Qxc1 Qa4) 27. g5 h5 (27... Rxc1 $11 28. Qxc1 hxg5 29. Bxg5 Bxg5 30. Nxg5 Nf8) 28. g6 $36 {[%mdl 2048] White fights for an advantage.} fxg6 29. Bg5 Qd8 (29... Rxc1 $11 30. Qxc1 Bb4) 30. Bxe7 Qxe7 31. Rxc8 Rxc8 32. Ng5 Nf8 33. Qd3 Rc4 (33... Nh7 $11 {remains equal.} 34. Qxg6 Nxg5 35. hxg5 Qf7 36. Qxf7+ Kxf7) 34. Nd2 $1 $16 {[%mdl 1024] White has strong compensation.} Ra4 35. Rc1 $1 {[%cal Ba1c1,Bc1c3,Bc3f3][%mdl 32]} Nc7 ({Not} 35... Qxa3 $2 36. Qxa3 Rxa3 37. Rc8 $18) 36. Qc3 ({White should play} 36. Rc5 $1 $16) 36... Ne8 37. Qd3 (37. Qb2 $11) 37... Nc7 $1 ({Avoid the trap} 37... Qxa3 $2 38. Qxa3 Rxa3 39. Rc8 $18) ({Reject} 37... Rxa3 $6 38. Qxb5 Ra8 39. Rc3 $16) 38. Rc3 Rc4 $2 ({Black should try} 38... b4 $1 $14 39. axb4 Rxb4) 39. Nxc4 $18 dxc4 40. Qe4 Nd5 (40... Nh7 {might work better.}) 41. Rf3 c3 {intending ...Nh7.} 42. Qd3 Qxa3 $2 {[#]} (42... Qd7 43. Ne4 Qe7 44. Nxc3 Nxc3) 43. Rxf8+ $1 {[%mdl 576] Remove Defender} Qxf8 44. Qf3 $4 {[%mdl 8192]} (44. Qxg6 {was the only winning move.} Qa8 45. Qh7+ Kf8 46. Qh8+ Ke7 47. Qxa8 Kd7 48. Qb7+ {[%mdl 64] Double Attack} Nc7 {[#]} 49. d5 $1 {[%mdl 512]}) 44... Qxf3 45. Nxf3 b4 {Black used his chance. Accuracy: White = 64%, Black = 54%.} 0-1

[Event "DSIM-Finale"]
[Site "T#645894Emanuel Laske"]
[Date "2020.05.09"]
[Round "2"]
[White "Alex Donchenko"]
[Black "Vincent Keymer"]
[Result "1-0"]
[WhiteElo "1697"]
[BlackElo "2243"]
[Annotator "TA"]
[PlyCount "125"]
[EventDate "2020.05.09"]
[EventType "tourn (blitz)"]

{[%evp 9,125,-3,11,16,12,8,16,8,11,0,0,-56,0,-60,-44,-47,-41,-29,-29,-46,-41,-53,-34,-26,-31,-34,6,0,0,0,0,-10,0,0,0,-16,0,-22,56,0,35,40,22,0,38,31,36,10,58,45,49,34,31,33,53,40,45,43,64,72,200,206,211,154,259,255,310,316,382,375,357,314,478,462,1018,954,1258,1268,29982,29983,29990,29991,29991,29992,29992,29993,29994,888,772,781,736,692,1096,906,1697,1657,1066,926,1775,1630,5054,4869,5696,737,5657,5450,5824,934,5109,5106,29978,29978,29981,29982,29984,29985,29982,29983]} 1. c4 e6 2. g3 d5 3. Bg2 d4 4. d3 c5 5. e3 {[#]} Ne7 $146 ({Predecessor:} 5... Nc6 6. Bxc6+ bxc6 7. e4 h5 8. h3 Ne7 9. Ne2 Ng6 10. Kd2 h4 11. g4 Bd6 {1-0 (44) Donchenko,A (2624)-Colpe,M (2210) Playchess.com INT 2020}) 6. exd4 {A13: English Opening: 1...e6.} cxd4 7. Nf3 Nec6 8. O-O {The position is equal.} Be7 9. Re1 O-O 10. Bf4 (10. Na3 $11) 10... Nd7 (10... f6 $15) 11. Ne5 (11. Na3 $11) 11... Ndxe5 $15 12. Bxe5 f6 13. Bf4 $1 e5 14. Bd2 Bf5 15. Qe2 Kh8 16. Na3 {[%cal Bb1a3,Ba3c2,Bc2b4,Bb4d5][%mdl 32]} Qd7 17. Nc2 Bh3 18. b4 Bxg2 19. Kxg2 Rae8 20. b5 Nd8 21. Nb4 Ne6 22. Nd5 Bd6 23. a4 Nc7 (23... f5 $11) 24. Qf3 ({White should play} 24. Nxc7 $1 $14 Qxc7 25. Qe4) 24... Rd8 25. Ba5 b6 26. Bd2 Bc5 {[%cal Rc7d5]} 27. Nxc7 Qxc7 28. a5 Rfe8 29. axb6 axb6 30. Ra2 Qf7 31. g4 h6 32. Qe4 h5 33. h3 g6 34. Qf3 f5 {This costs Black the game.} (34... hxg4 $16 35. hxg4 Kg7) 35. Bg5 $18 Rd7 36. Ra8 {Threatens to win with gxf5.} Rxa8 (36... e4 $16 {was worth a try.} 37. Rxe8+ Qxe8 38. dxe4 Bb4) 37. Qxa8+ Kh7 38. Rxe5 fxg4 39. hxg4 hxg4 40. Qe4 Ra7 (40... Bd6 $142) 41. Qxg4 Ra2 (41... Ra8 $142 42. Qh4+ Kg8) 42. Qh4+ Kg8 43. Bf6 {[%csl Gf6][%cal Rh4h8] [#]} Qb7+ 44. Rd5 Ra7 45. Qh8+ Kf7 46. Qg7+ Ke6 47. Qxg6 {[%cal Rf6h4]} Qh7 48. Qxh7 (48. Re5+ $142 Kd6 {[#]} 49. Be7+ $1 {[%mdl 512]} Kc7 50. Qc6+ {[%mdl 64] Double Attack} Kb8 51. Bd6+ Rc7 52. Re8+ Ka7 53. Ra8#) 48... Rxh7 49. Bxd4 Bxd4 50. Rxd4 {[%mdl 4096] Endgame KR-KR} Ra7 51. Rd5 Ra3 52. f4 Ra1 53. f5+ Kf6 54. Rd6+ Kxf5 55. Rxb6 Kf4 56. Rf6+ Ke3 57. Rd6 Ra8 58. b6 {[%cal Bb5b6,Bb6b7][%mdl 32]} Rg8+ 59. Kf1 Rh8 60. b7 {White mates.} Rb8 61. Rd7 Rf8+ 62. Ke1 Rh8 63. Kd1 {Accuracy: White = 83%, Black = 38%.} 1-0